| 000 | 00355pab a2200145 454500 | ||
|---|---|---|---|
| 008 | 180718b2003 xxu||||| |||| 00| 0 eng d | ||
| 100 | _aGatade, Subhash | ||
| 245 | _aNCM Ka Jhanda, Hindutva ka agenda?: Minority report | ||
| 260 | _c2003 | ||
| 300 | _ap.9-10. | ||
| 362 | _a2 Aug | ||
| 650 | _aMinority groups | ||
| 773 | _aMainstream | ||
| 909 | _a57495 | ||
| 999 |
_c57495 _d57495 |
||